Регионална библиотека "Любен Каравелов" - Русе

Наръчник по разложение | Признания и проклятия (Запис номер 72909)

MARC детайли
000 -Лидер
Лидер 01678nam a2200337 a 4500
003 - Код на организацията, давaща контролен номер
Код на организацията, даваща контролен номер BLK
005 - Дата и час на последна редакция
Дата и час на последна редакция 20241001182321.0
008 - Елементи от данни с фиксирана дължина
Елементи с фиксирана дължина 180408b bul|||||r ||||||| ||bul||
010 ## - Наследен системен номер
LC control number KNG00077286000
020 ## - Международен стандартен номер на книга ISBN
ISBN 954-9772-44-6
020 ## - Международен стандартен номер на книга ISBN
ISBN 9789549772449
040 ## - Източник на каталожния запис
Код на библиотеката BLK
041 ## - Код за език
Език Български
Език за КДБФ Български
080 ## - УДК
УДК текст Френска литература
УДК код 821.133.1
УДК – определител -96
УДК – код + определител 821.133.1-96
080 ## - УДК
УДК текст Френска литература
УДК код 821.133.1
УДК – определител -84
УДК – код + определител 821.133.1-84
100 1# - Редна дума - Автор
Автор Чоран, Емил-Мишел
R(LIN) 250963
245 10 - Сведения за заглавието
Заглавие Наръчник по разложение
-- Признания и проклятия
Авторска отговорност Емил-Мишел Чоран ; прев. от фр. Красимир Петров; послесл. от Светлозар Игов.
257 ## - Страна на издаване
Страна на създаване/издаване Франция
260 ## - Област на издателските данни
Място на издаване София
Име на издателя Факел експрес
Година на издаване 2006
300 ## - Физическа характеристика
Брой страници 294 с.
Размер 21 см
380 ## - Жанр
Жанр Худож. лит.
500 ## - Общи забележки
Обща забележка Прев. по Precis de decomposition ; Aveux et anathemes / E. M. Cioran. - Възприета форма на името на авт. е Емил Мишел Чоран.
700 1# - Други автори (авторска отговорност)
Друг автор Петров, Красимир
Авт. отговорност на др. автор прев. от фр.
9 (RLIN) 363927
700 1# - Други автори (авторска отговорност)
Друг автор Игов, Светлозар Атанасов
Дати, свързани с автора 1945-2023
Друга информация Филолог, славянска филология (1966). Литературен критик, историк. Поет, белетрист. Преводач от сърбохърватски език
9 (RLIN) 72055
852 ## - Местоположение
Сигнатура (форматна) Цб 235400
Отдел Хранилище
856 4# - Електронен адрес и достъп
Електронен формат pdf - файл
856 4# - Електронен адрес и достъп
Електронен формат pdf - файл
942 ## - АРТИКУЛИ
Вид на библиотечния документ Книги
Скрит в OPAC Не
Koha issues (borrowed), all copies 4
944 ## - СЪЗДАВАНЕ И РЕДАКЦИЯ на ЗАПИСА
Създаване/Редакция Създаване
Дата на регистрацията/редакция 2024-07-11
Служител, извършил регистрацията/редакцията 30530
Номер на служител Минев Младен
999 ## - СИСТЕМНИ КОНТРОЛНИ НОМЕРА
Koha biblionumber 72909
Koha biblioitemnumber 72909
Наличности
Код за отписване Код за изгубен артикул Код за повреда Коз за рестрикции Код за отдаване Артикулен № Име на библиотеката - собственик Име на библиотеката, в която се намира в момента Статус (Текущо местоположение) Дата на вписване в системата Местоположение - отдел Цена в лева Инвентарен номер Систематично азбучна сигнатура Баркод Номер на екземпляра Цена в евро Служебна бележка Служебен тип на артикула Източник на класификационната схема
  Не е изгубен Не е повреден без рестрикции ползва се в читалня 118509 Регионална библиотека "Любен Каравелов" Русе Регионална библиотека "Любен Каравелов" Русе Хранилище 2007-08-08 Хранилище 11.00 120000716461 Цб 235400 120000716461 1 5.62 Дост: Dp Вид: Д N: 13 Дата: 08.03.2007 Книги  
  Не е изгубен Не е повреден без рестрикции заемане за дома 118510 Регионална библиотека "Любен Каравелов" Русе Регионална библиотека "Любен Каравелов" Русе Заемна - подръчен фонд 2008-01-30 Заемна - подръчен фонд 11.00 120000722685 П 821-9/Ч 92 120000722685 2 5.62 Дост: DA Вид: А N: 1 Дата: 30.01.2008 Дата инв: 12.02.2018 Бележки инв: П2018 Книги Universal Decimal Classification
Изтеглен Не е изгубен Не е повреден без рестрикции заемане за дома 118511 Регионална библиотека "Любен Каравелов" Русе Регионална библиотека "Любен Каравелов" Русе Заемна - подръчен фонд 2008-01-30 Заемна - подръчен фонд 11.00 120000722686 П 840-9/Ч 92 Е 120000722686 3 5.62 Дост: DA Вид: А N: 1 Дата: 30.01.2008 Дата инв: 12.02.2018 Бележки инв: П2018 Книги Universal Decimal Classification
Vip Innovations Ltd, Rousse, Bulgaria 2025